00326nam a2200121Ia 450000500170000000800410001708200130005810000220007124500210009326000360011430000130015050000410016320250404052643.0240331s9999 xx 000 0 und d bSIVa894 aSivasankaran, T.K 0aVimarsana thamil aShivagangaibAnam Pvt Ltdc1993 a253 p ., aIllakiyya Thamil patriya Kadooraikal